000
00335nam a22001577a 4500
003
SGT
020
_a
3-13-717003-6
082
_a
617.63
100
_a
LASKARIS,GEORGE
245
_a
COLOR ATLAS OF ORAL DISEASES.
250
_a
3RD
260
_a
NEW YORK
_b
THIEME PUBLICATION
_c
1998
300
_a
454
650
_a
OMR
942
_2
ddc
_c
BK
999
_c
9890
_d
9890